| 000 | 01082nam a22003497a 4500 | ||
|---|---|---|---|
| 001 | 200460074 | ||
| 003 | TR-AnTOB | ||
| 005 | 20240513090025.0 | ||
| 008 | 240513b tu ||||| |||| 00| 0 tur d | ||
| 020 | _a9789752109384 | ||
| 040 |
_aTR-AnTOB _beng _cTR-AnTOB _erda |
||
| 041 | 1 |
_atur _heng |
|
| 041 | _aTUR | ||
| 092 |
_a808.0683283 _bKAD 2020 |
||
| 100 | 1 |
_aKadohata, Cynthia, _d1956- |
|
| 245 | 1 | 0 |
_aMutluluk sözcükleri / _cCynthia Kadohata ; Türkçesi: Gamze Gündüz. |
| 250 | _a12. bs. | ||
| 260 |
_aİstanbul : _bAltın Kitaplar, _c2020. |
||
| 300 |
_a192 Pages. ; _c20 cm. |
||
| 336 |
_atext _btxt _2rdacontent |
||
| 337 |
_aunmediated _bn _2rdamedia |
||
| 338 |
_avolume _bnc _2rdacarrier |
||
| 500 | _aÖzgün eseradı: Kira-kira | ||
| 500 | _a10 yaş ve üzeri çocuklar için hazırlanmıştır | ||
| 546 | _aMetin Türkçe, İngilizce'den çeviri | ||
| 650 | 4 | _aÇocuk romanı, Amerikan | |
| 653 | _aMutluluk Sözcükleri | ||
| 700 | 1 |
_aGündüz, Gamze, _eçev. |
|
| 942 |
_2ddc _cBK |
||
| 999 |
_c200460074 _d78286 |
||